Countries in Europe after the Congress of Vienna in 1815 - Statistics

General Stats
  • This quiz has been taken 373 times
  • The average score is 18 of 56
Answer Stats
Answer % Correct
Great Britain and Ireland
95%
Russia
95%
Austrian Empire
94%
France
94%
Spain
93%
Sweden-Norway
92%
Portugal
91%
Denmark
90%
Prussia
88%
Netherlands
85%
Ottoman Empire
75%
Switzerland
73%
Bavaria
64%
Saxony
53%
Papal States
48%
San Marino
47%
Sardinia
46%
Baden
40%
Hamburg
39%
Tuscany
35%
Hannover
34%
Hesse
33%
Bremen
32%
Two Sicilies
30%
Wurttemberg
24%
Frankfurt
23%
Anhalt
22%
Modena
21%
Parma
21%
Lubeck
17%
Lucca
17%
Nassau
13%
Brunswick
12%
Lippe
8%
Mecklenburg-Schwerin
6%
Cracow
5%
Mecklenburg-Strelitz
4%
Cospaia
3%
Hesse-Homburg
2%
Hesse-Kassel
2%
Hohenzollern-Sigmaringen
2%
Massa and Carrara
2%
Reuss Elder Line
2%
Saxe-Meiningen
2%
Saxe-Weimar-Eisenach
2%
Schaumburg-Lippe
2%
Schwarzburg-Rudolstadt
2%
Schwarzburg-Sondershausen
2%
Waldeck-Pyrmont
2%
Couto Mixto
1%
Hohenzollern-Hechingen
1%
Ionian Islands
1%
Reuss Junior Line
1%
Saxe-Coburg-Saalfeld
1%
Saxe-Gotha-Altenburg
1%
Lichtenberg
0%
No matching quizzes found
Score Distribution
Percent of People with Each Score
Percentile by Number Answered
Your Score History
You have not taken this quiz